Bases para un esquema de financiamiento universitario

Na minha lista:
Detalhes bibliográficos
Autor principal: Larrañaga, Osvaldo (Autor)
Autor Corporativo: Programa de Postgrado en Economía ILADES-Georgetown University (Autor)
Formato: Livro
Idioma:espanhol
Publicado em: Santiago ILADES 1992
coleção:Serie Investigación. ILADES, I-46
Assuntos:
Tags: Adicionar Tag
Sem tags, seja o primeiro a adicionar uma tag!

MARC

LEADER 00000nam a2200000 a 4500
001 UCX5650
003 CL-VaPUC
008 921222e19920000CL |||||||||||||||||spa|d
082 0 4 |a 379.324  |b LAR  |2 21 
100 |a Larrañaga, Osvaldo  |e author  |9 518468 
110 2 |a Programa de Postgrado en Economía ILADES-Georgetown University  |e author  |9 321988 
245 1 0 |a Bases para un esquema de financiamiento universitario 
300 |a 26 p 
942 |c BK 
945 |d 19921222 00:00:00 
260 |a Santiago  |b ILADES  |c 1992 
650 7 |a UNIVERSIDADES FINANZAS  |2 CL-VaPUC  |9 321989 
651 7 |a CHILE  |2 CL-VaPUC  |9 321990 
583 |a last modification  |c 19921222 00:00:00  |k Rodrigo Vera 
490 0 |a Serie Investigación. ILADES, I-46 
999 |c 225853  |d 225851 
952 |0 0  |1 0  |4 0  |6 379_324000000000000_LAR_1992  |7 0  |8 A  |9 223729  |a BIBENE  |b BIBENE  |d 2019-11-15  |i 2925656  |o 379.324 LAR 1992  |p 2925656  |r 2025-01-15  |w 2019-11-15  |y BK  |k ICO